Serie A Players 30 or More Goal and Assist by Year - Statistics

General Stats
  • This quiz has been taken 139 times
  • The average score is 36 of 41
Answer Stats
Season Player Nationality Club Goal / Assist % Correct
Cristiano Ronaldo Portugal Juventus 21G9A
100%
Cristiano Ronaldo Portugal Juventus 31G6A
100%
Cristiano Ronaldo Portugal Juventus 29G2A
100%
17/18 Ciro Immobile Italy SS Lazio 29G8A
99%
19/20 Ciro Immobile Italy SS Lazio 36G8A
99%
Ciro Immobile Italy SS Lazio 27G3A
99%
Edinson Cavani Uruguay SSC Napoli 26G5A
98%
12/13 Edinson Cavani Uruguay SSC Napoli 29G3A
98%
23/24 Lautaro Martínez Argentina Inter 24G6A
98%
Samuel Eto'o Cameroon Inter 21G10A
98%
08/09 Zlatan Ibrahimović Sweden Inter 25G7A
98%
11/12 Zlatan Ibrahimović Sweden AC Milan 28G7A
98%
22/23 Victor Osimhen Nigeria SSC Napoli 26G5A
97%
Dries Mertens Belgium SSC Napoli 28G9A
95%
16/17 Edin Dzeko Bosnia AS Roma 29G12A
95%
15/16 Gonzalo Higuaín Argentina SSC Napoli 36G2A
94%
20/21 Romelu Lukaku Belgium Inter 24G10A
94%
91/92 Marco van Basten Netherlands AC Milan 25G11A
92%
14/15 Mauro Icardi Argetina Inter 22G8A
92%
Mauro Icardi Argentina Inter 24G8A
92%
Mauro Icardi Argentina Inter 29G1A
92%
09/10 Antonio Di Natale Italy Udinese Calcio 29G6A
91%
10/11 Antonio Di Natale Italy Udinese Calcio 28G6A
91%
Antonio Di Natale Italy Udinese Calcio 23G8A
91%
Duván Zapata Colombia Atalanta BC 23G7A
90%
06/07 Francesco Totti Italy AS Roma 26G9A
90%
97/98 Alessandro Del Piero Italy Juventus 21G12A
89%
21/22 Domenico Berardi Italy Sassuolo Calcio 15G17A
87%
18/19 Fabio Quagliarella Italy Sampdoria 26G7A
86%
05/06 Luca Toni Italy ACF Fiorentina 31G6A
86%
13/14 Luca Toni Italy Hellas Verona 20G11A
86%
Luis Muriel Colombia Atalanta BC 22G9A
85%
Ronaldinho Brazil AC Milan 12G18A
84%
Andrea Belotti Italy Torino FC 26G5A
83%
Roberto Baggio Italy Bologna FC 22G9A
75%
Diego Milito Argentina Genova CFC 24G6A
73%
90/91 Roberto Mancini Italy UC Sampdoria 12G18A
60%
02/03 Adrian Mutu Romania Palma Calcio 18G12A
59%
Oliver Bierhoff Germany Udinese Calcio 27G4A
54%
98/99 Oliver Bierhoff Germany AC Milan 19G11A
54%
01/02 Dario Hübner Italy Piacenza Calcio 24G6A
34%
No matching quizzes found
Score Distribution
Percent of People with Each Score
Percentile by Number Answered
Your Score History
You have not taken this quiz